000 00222 a2200097 4500
001 52011
100 _aHamood-ur-Rehman
245 _aReflections of Islam
260 _a
_bIslamic Book Foundation
_c
090 _c32818
_d32818
942 _aNUST-CAE
_cM
_c25356
999 _c287084
_d287084